000
00286nam a2200133Ia 4500
100
_a
Linwood/Jeff
942
_c
BK
366
_f
20
245
_a
Building portals with the Java portlet API
260
_b
Apress
_c
2004
300
_a
393
546
_a
ENGLISH
_c
electronics
999
_c
32899
_d
32899